000 01225nam a22003497a 4500
003 CHAP
005 20220817041641.0
008 971013s1978 r 00010 d
010 _a20702
011 _a21674
035 _a25764
040 _cCHAP
090 _aTesis
100 0 0 _aArmenta Cárdenas, Santiago.
_97189
245 _aEstudios bioecológicos de Epilachna varivestis Mulsant, (Coleoptera: Coccinellidae) bajo condiciones de laboratorio y campo
260 _aCjapingo, Méx., :
_bEl autor,
_c1978
300 _a73 h.
_b; gráfs
502 _aTesis (M.C. Esp. en Entomología) -- ENA. Colegio de Postgraduados. Rama de Entomología
590 _aALEPH
_b10
_c20130110
_lUCH01
_h1244
590 _aBATCH-UPD
_b10
_c20130110
_lUCH01
_h1417
590 _aBATCH-UPD
_b10
_c20130410
_lUCH01
_h0901
590 _aBATCH-UPD
_b10
_c20130914
_lUCH01
_h1235
590 _aCONVERSION
_b10
_c20130109
_lUCH01
_h1312
650 1 4 _aEcología de insectos.
_935172
650 1 4 _aEpilachna varivestis.
650 1 4 _aInsectos
_xBiología.
_958897
901 _aBK
942 _cFOLL
949 _bBC
_cTES
_d-59430
_eTS1
_i25764
_si
949 _bBC
_cTES
_d-59431
_eTS2
_fc.2
_i25764
_si
949 _bBC
_cTES
_d-59432
_eTS2
_fc.3
_i25764
_si
999 _c20702
_d20702